Sports Quiz

Random Sports or NCAA Quiz

NCAA and NBA men's basketball champions Quiz Stats

 Plays Quiz not verified by Sporcle

Challenge
Share
Tweet
Embed
Score 0/34 Timer 12:00
0 Plays Today
% Correct
Michael Jordan
83.3%
Magic Johnson
74.2%
Kareem Abdul-Jabbar
56.1%
James Worthy
51.5%
Bill Walton
50%
Bill Russell
48.5%
Richard Hamilton
34.8%
Bob Cousy
28.8%
Isiah Thomas
22.7%
Antoine Walker
21.2%
John Havlicek
19.7%
K.C. Jones
18.2%
Jerry Lucas
18.2%
Glen Rice
15.2%
Jamaal Wilkes
13.6%
Corliss Williamson
13.6%
Gail Goodrich
13.6%
% Correct
Nazr Mohammed
13.6%
Quinn Buckner
7.6%
Clyde Lovellette
7.6%
Milt Wagner
6.1%
Rick Robey
4.5%
Larry Siegfried
4.5%
Tom Gola
4.5%
Frank Ramsey
4.5%
Lucius Allen
3%
Cliff Hagan
3%
Ron Bonham
1.5%
Rodney McCray
1.5%
Howie Dallmar
0%
Dick Farley
0%
Arnie Ferrin
0%
Herm Schaefer
0%
Tom Thacker
0%

You're not logged in!

Compare scores with friends on all Sporcle quizzes.
Join for Free
OR
Log In

You Might Also Like...

Show Comments

Extras

Top Quizzes Today


Score Distribution

Your Account Isn't Verified!

In order to create a playlist on Sporcle, you need to verify the email address you used during registration. Go to your Sporcle Settings to finish the process.

Report this User

Report this user for behavior that violates our Community Guidelines.

Details: